[Event "Zirndorf-ch"]
[Site "Zirndorf"]
[Date "2005.10.28"]
[Round "2"]
[White "Raab, Fabian"]
[Black "Schmidt, Gerhard"]
[Result "0-1"]
[WhiteElo "1137"]
[BlackElo "1423"]
[PlyCount "70"]
[EventDate "2005.10.14"]
[EventType "swiss"]
[EventRounds "7"]
[EventCountry "GER"]
[SourceTitle "EXT 2007"]
[Source "ChessBase"]
[SourceDate "2006.11.23"]
[SourceVersion "1"]
[SourceVersionDate "2006.11.23"]
[SourceQuality "1"]

1. e4 c5 2. Nf3 e6 3. d4 cxd4 4. Nxd4 Bc5 5. c3 a6 6. Bd3 Nc6 7. 0-0 Nxd4 8. cxd4 Bxd4 9. Nd2 Nf6 10. Nb3 Ba7 11. Bg5 e5 12. Nd2 b5 13. Nf3 d6 14. a4 b4 15. a5 h6 16. Bd2 Bc5 17. Ra4 Rb8 18. Qb3 Bd7 19. Raa1 Qc8 20. Bc4 0-0 21. Nh4 Be6 22. Ra4 Nxe4 23. Bxb4 Bxb4 24. Rxb4 Rxb4 25. Qxb4 Bxc4 26. Rc1 Qd8 27. Nf5 d5 28. f3 Nf6 29. b3 Bb5 30. Re1 e4 31. fxe4 dxe4 32. Rxe4 Nxe4 33. Qxe4 Qd1+ 34. Kf2 Re8 35. Ne7+ Kf8 0-1